| 000 | 00409nam a22001577a 4500 | ||
|---|---|---|---|
| 005 | 20250214103044.0 | ||
| 008 | 250214b |||||||| |||| 00| 0 eng d | ||
| 020 | _a9781861529916 | ||
| 050 |
_aHF5691 _bCUR |
||
| 100 | _aCurwin, Jon | ||
| 245 |
_aQuantitative methods; _ba short course |
||
| 260 |
_aAustralia _bThomson Learning _cc2004 |
||
| 300 | _axiii,326p | ||
| 700 | _aSlater, Roger | ||
| 942 |
_2lcc _cBK _n0 |
||
| 999 |
_c3851 _d3851 |
||